000 00630nam a2200169 i 4500
001 161207
003 ES-MaACL
005 20230906212221.0
008 010523s1892 sp |||| | spa d
040 _aCCPB | B
_bspa
_cCCPB | B
100 0 _aOzcariz y Lasaga, Víctor.
_988071
245 1 0 _aCristobal Colón y la historia /
_cpor Víctor Ozcariz.
260 _aMadrid :
_b[s.n.],
_c1892 (
_festablecimiento tipográfico de Dionisio de los Rios)
300 _a47 p. ;
_c18 cm.
600 1 4 _aColón, Cristóbal.
_939869
852 _aES-MaACL
_jT-641-F-4
_z-- Enc. hol.
_q-- Falto de la cub. original
_z-- Enc. en un vol. facticio
999 _c161207
_d161207